000 00706nam a2200217 4500
001 135987
003 ES-MaACL
005 20231230063001.0
007 t|
008 070214s1947 sp r ||||1| spa d
100 1 _aRuiz Iriarte, Víctor,
_d1912-1982
_9100836
245 1 0 _aTres comedias optimistas /
_cVíctor Ruiz Iriarte.
260 _aMadrid :
_b[s. n.],
_c1947 (
_fArtegrafía)
300 _a155 p. ;
_c24 cm.
500 _aContiene: Un día en la gloria ; El puente de los suicidas ; Academia de amor.
740 0 _aUn día en la gloria.
740 0 _aEl puente de los suicidas.
740 0 _aAcademia de amor.
852 _aES-MaACL
_jC-4183
_bR.23823
999 _c135987
_d135987